banner-ar

عبدالمنعم ابوالفتوح : (Record no. 60820)

MARC details
000 -الفاتح
حقل البيانات ثابتة الطول 01090nam a22002657a 4500
005 - وقت وتاريخ اخر تعامل مع التسجيلة
رقم الضبط 20240530110430.0
008 - عناصر البيانات ثابتة الطول - معلومات عامة
حقل البيانات ثابتة الطول 150330s2012 ua ao f 000 0 ara d
017 ## - رقم الايداع القانونى
رقم الايداع القانونى 2009/3641
المصدر ( الهيئة المختصة) مصر . دار الكتب المصرية
020 ## - الرقم الدولى المعيارى للكتب
الرقم الدولى المعيارى للكتاب 9799770927762
040 ## - مصدر الفهرسة
وكالة الفهرسة الأصلية EG-CaGPL
082 04 - رقم تصنيف ديوى العشرى
رقم الطبعة 21
رقم التصنيف 923.2
رقم المادة ق/ح ع
245 00 - بيان العنوان
العنوان عبدالمنعم ابوالفتوح :
بقية العنوان شاهد على تاريخ الحركة الاسلامية فى مصر 1970 - 1984 /
بيان المسئوليه,etc تحرير حسام تمام ؛ تقديم طارق البشرى .
250 ## - بيان الطبعة
بيان الطبعة ط2.
260 ## - PUBLICATION, DISTRIBUTION, ETC. (IMPRINT)
تاريخ النشر أو التوزيع 2012.
300 ## - الوصف المادى
التعداد 124 ص :
تفاصيل ماديه اخرى للوعاء صور ؛
أبعاد الوعاء 24 سم.
600 0# - المدخل الاضافى بالموضوع-اسم شخصى
الإسم الشخصى عبدالمنعم ابوالفتوح
التقسيم الفرعي الشكلي تراجم
600 0# - المدخل الاضافى بالموضوع-اسم شخصى
الإسم الشخصى عبدالمنعم ابوالفتوح
التقسيم الفرعي الشكلي صور
650 04 - المدخل الاضافى بالموضوع-مصطلح موضوعى
مصطلح موضوعي جماعة الاخوان المسلمون
650 04 - المدخل الاضافى بالموضوع-مصطلح موضوعى
مصطلح موضوعي اغتيال السادات
650 04 - المدخل الاضافى بالموضوع-مصطلح موضوعى
مصطلح موضوعي الاخوان المسلمون
700 0# - المدخل الاضافى - اسم شخصى
الإسم الشخصى حسام تمام
الدور محرر
700 0# - المدخل الاضافى - اسم شخصى
الإسم الشخصى طارق البشرى
الدور مقدم
942 ## - عناصر المدخل الإضافي( كوها)
مصدر التصنيف او مخطط الترفيف Dewey Decimal Classification
Koha [default] item type كتاب
260 ## - PUBLICATION, DISTRIBUTION, ETC. (IMPRINT)
-- القاهرة :
-- دار الشروق ،
Holdings
حالة التراجع حالة الفقد حالة تلف ليس للاعارة المكان المؤقت الموقع الحالى تاريخ الاكتساب اجمالي اﻻعارات رقم الطلب الباركود تاريخ اخر مشاهدة تاريخ تفعيل السعر نوع وعاء كوها
        مكتبة القاهرة الكبرى مكتبة القاهرة الكبرى 03/30/2015   923.2 ق/ح ع 159983 03/30/2015 03/30/2015 كتاب

Powered By

EGPV